Mind Reader - Sudden Death - Statistics

General Stats
  • This quiz has been taken 25 times
  • The average score is 6 of 18
Answer Stats
% Question Options Answer % Correct
87 Which way should toilet paper go? Over | Under Over
93%
88 Which is better? Star Wars | Star Trek Star Wars
93%
84 How do you pronounce "gif"? Gif | Jif "Gif"
79%
79 How should a sandwich be cut? Diagonally | Horizontally Diagonally
50%
82 Which is better? Marvel | DC Marvel
50%
79 Is cereal a soup? Yes | No No
43%
83 (1) How would a dog wear pants? Like this | Like that Like that
36%
65 Does pineapple on pizza taste better than regular pizza? Yes | No No
29%
67 (2) What colors is this dress made of? White and gold | Blue and black Blue and black
21%
65 Which is better? Coca-Cola | Pepsi Coca-Cola
21%
61 Which is better? iPhone | Android iPhone
21%
64 Which is better? Xbox | Playstation Playstation
21%
73 Which type of peanut butter is better? Chunky | Smooth Smooth
21%
61 How many holes does a straw have? One | Two One
14%
52 Should we get rid of daylight saving time? Yes | No Yes
14%
51 What part of a brownie is tastier? Edge | Middle Edge
7%
51 Which came first? Chicken | Egg Egg
7%
51 Are we living in a simulation? Yes | No No
7%
No matching quizzes found
Score Distribution
Percent of People with Each Score
Percentile by Number Answered
Your Score History
You have not taken this quiz